Cornops aquaticum (Orthoptera, Acrididae, Leptysminae) (Registro nro. 13541)

Detalles MARC
000 -CABECERA
Campo de control 005160000a22001450004500
090 ## - CLASIFICACIÓN LOCAL
Colección AR
Consecutivo 04442
041 0# - IDIOMA
Código de idioma para texto/pista de sonido o título separado
100 1# - ASIENTO PRINCIPAL--NOMBRE PERSONAL
Nombre personal Lhano, M.G.
245 10 - MENCION DE TITULO
Título Cornops aquaticum (Orthoptera, Acrididae, Leptysminae)
Version aceitacao de plantas alimentares por ninfas vivendo em Eichhornia azurea (Pontederiaceae) no Pantanal Norte, Brasil
700 1# - ASIENTO SECUNDARIO - NOMBRE PERSONAL
Nombre personal Adis, J.
700 1# - ASIENTO SECUNDARIO - NOMBRE PERSONAL
Nombre personal Marques, M. I.
700 1# - ASIENTO SECUNDARIO - NOMBRE PERSONAL
Nombre personal Battirola, L. D.
773 1# - Item fuente:
Título Amazoniana
Descripción física 3-4
Paginas del Articulo 397-404
Lugar, editorial y fecha de publicación 2005
Información sobre la relación 18
942 ## - ELEMENTOS ADICIONALES (KOHA)
Tipo de ítem Artículo
Existencias
Withdrawn status Lost status Damaged status No para préstamo Colección Ubicación Permanente Ubicación actual Fecha de adquisición Fuente de Valor Datos de publicación Seriada Total Checkouts Número topográfico Inventario / Código de Barras Date last seen Ejemplar Price effective from Forma de adquisición Tipo de material
      No para Préstamo Hemeroteca Bogotá Bogotá 25/09/2007 Ospina, Mónica Fuera de circulación   AR 04442 025276 25/03/2015 1 25/03/2015   Artículo
      No para Préstamo Hemeroteca Bogotá Bogotá 25/09/2007 Ospina, Mónica Fuera de circulación   AR 04442 025277 25/03/2015 2 25/03/2015   Artículo